Classic Baskin Robbins Ice Cream Flavors Quiz Stats

Quiz not verified by Sporcle

Challenge
Share
Tweet
Embed
Score 0/21 Timer 05:00
0 Plays Today
Flavor % Correct
Chocolate
100%
Vanilla
98.2%
Mint Chocolate Chip
54.4%
Chocolate Chip
54.4%
Rocky Road
49.1%
Chocolate Chip Cookie Dough
29.8%
Pralines n' Cream
17.5%
Jamoca
17.5%
Jamoca Almond Fudge
15.8%
Reese's Peanut Butter Cup
12.3%
Peanut Butter n' Chocolate
12.3%
Flavor % Correct
World Class Chocolate
12.3%
Oreo Cookies n' Cream
10.5%
Rainbow Sherbert
10.5%
Gold Medal Ribbon
8.8%
Very Berry Strawberry
7%
Old Fashioned Butter Pecan
7%
Pistachio Almond
7%
Nutty Coconut
5.3%
Made With Snickers
1.8%
Cherries Jubliee
0%

You're not logged in!

Compare scores with friends on all Sporcle quizzes.
Sign Up with Email
OR
Log In

You Might Also Like...

Show Comments

Extras

Top Quizzes Today


Score Distribution

Your Account Isn't Verified!

In order to create a playlist on Sporcle, you need to verify the email address you used during registration. Go to your Sporcle Settings to finish the process.

Report this User

Report this user for behavior that violates our Community Guidelines.

Details: